=LDR 00000nam 2200000 4500 =001 INLIS000000000038791 =005 20221108093310 =035 ##$$a 0010-061300000038791 =008 221108################g##########0#ind## =041 ##$$a Ind =082 ##$$a 028.5 =090 ##$$a 0128.5, Hut h =245 1#$$a Hutan yang damai : $b Kumpulan kisah berharga tentang perilaku yang baik /$c A.A.Milne =260 ##$$a Jakarta :$b Gramedia,$c 2009 =300 ##$$a 128 hlm : $b Ilus ; $c 20 cm =650 #4$$a Bacaan Kanak - kanak =850 ##$$a NBPNMAT =020 ##$$a 978-979-27-5376-9 =084 ##$$a 028.5 MIL h =100 #$$a Milne, A a =990 ##$$a 21100840 =990 ##$$a 21100840